| 000 | 00496nam a2200169 i 4500 | ||
|---|---|---|---|
| 001 | 24171 | ||
| 003 | ES-MaACL | ||
| 005 | 20230906153013.0 | ||
| 007 | t| | ||
| 008 | 021216s1906 sp ||||1| spa d | ||
| 100 | 1 |
_aAmoraga y Olozaga, Antonio. _921300 |
|
| 245 | 1 | 3 |
_aEl "Nihilismo" _b: memoria / _cAntonio Amoraga y Olozaga. |
| 260 |
_aMadrid : _b[s.n.], _c1906 ( _fImp. De la Fuente) |
||
| 300 |
_a17 p. ; _c22 cm. |
||
| 650 | 4 |
_aNihilismo (PolĂtica) _9159081 |
|
| 852 |
_aES-MaACL _jT-1073-F-1 |
||
| 999 |
_c24171 _d24171 |
||